Vista normal Vista MARC

Entrada Materia (personas)

Número de registros utilizados en: 1

001 - CONTROL NUMBER

  • control field: 184170

003 - CONTROL NUMBER IDENTIFIER

  • control field: Co-BoUCM

005 - DATE AND TIME OF LATEST TRANSACTION

  • control field: 20250206072823.0

008 - FIXED-LENGTH DATA ELEMENTS

  • fixed length control field: 250206|| aca||aabn | a|a d

040 ## - CATALOGING SOURCE

  • Original cataloging agency: Co-BoUCM
  • Transcribing agency: Co-BoUCM

100 ## - HEADING--PERSONAL NAME

  • Personal name: Gordon, J. E.
  • Dates associated with a name: 1913-1998

670 ## - SOURCE DATA FOUND

  • Source citation: Work cat.: (Co-BoUCM): Gordon, J. E. 1913-1998, Estructuras, 1999